000 00582nam a2200229Ia 4500
003 OSt
005 20221005115452.0
006 a|||||r|||| 00| 0
007 ta
008 221004b |||||||| |||| 00| 0 tam d
024 _a50102
037 _cTextual
040 _aCRL
_cCRL
_btam
041 _2tam
_atam
082 _aO31,3NAR3x, M3
100 _aArasumani Au.
_9191669
245 0 _aCharittiram poottum cherur kadai
260 _c1983
650 _aTAMIL FICTION
942 _hO31,3NAR3x, M3
_cTEXL
_2cc
999 _c1034937
_d1034937